000
00317nam a22001337a 4500
008
141205b xxu||||| |||| 00| 0 eng d
020
_a
0672323087
082
_a
005.13
100
_a
ROBERT LAFORE
245
_a
OBJECT ORIENTED PROGRAMMING IN C++
250
_a
4TH ED.
260
_a
INDIA
_b
TECHMEDIA
_c
2001
942
_c
BK
999
_c
23193
_d
23193